Normal view
MARC view
Entry Personal Name
001 - CONTROL NUMBER
- control field: 1239438
003 - CONTROL NUMBER IDENTIFIER
- control field: OSt
005 - DATE AND TIME OF LATEST TRANSACTION
- control field: 20260514122523.0
008 - FIXED-LENGTH DATA ELEMENTS
- fixed length control field: 260514|| aca||aabn | a|a d
040 ## - CATALOGING SOURCE
- Original cataloging agency: OSt
- Transcribing agency: OSt
100 ## - HEADING--PERSONAL NAME
- Personal name: Choudhary Nilay
670 ## - SOURCE DATA FOUND
- Source citation: Work cat.: (OSt)1851457: Choudhary Nilay , To Study Various Elements of Marketing Strategy in the Indian Pharmaceutical Industry and to Develop Marketing Plan for new Products Fentanyl Transdermal Patch and Injection: Drug Approval Comparative Study of Application Filing Procedure in India and USA.
